La tregua mario benedetti
Guardado en:
| Autor Principal: | |
|---|---|
| Formato: | Libro |
| Publicado: |
España :
Altaya,
1999.
|
| Materias: | |
| Etiquetas: |
Agregar Etiqueta
Sin Etiquetas, Sea el primero en etiquetar este registro!
|
| LEADER | 00511nam a22001935a 4500 | ||
|---|---|---|---|
| 001 | CEM.cems017424 | ||
| 005 | 20191023162101.0 | ||
| 008 | 130507s1999##################000#0#####d | ||
| 003 | CEMS | ||
| 020 | |a 8448713206 | ||
| 082 | 0 | 4 | |a U863.4 |
| 100 | 1 | |a Benedetti, Mario | |
| 245 | 1 | 0 | |a La tregua mario benedetti |
| 260 | |a España : |b Altaya, |c 1999. | ||
| 300 | |a 227 p. | ||
| 653 | |a Literatura | ||
| 653 | |a Literatura uruguaya | ||
| 653 | |a Narrativa | ||
| 859 | |a CEMS |b BIB. CEMS - Agricultura |h U863.4 |i B434-2 |p A0415.02 |t Ej.1 | ||
